[Event "FIDE Chesscom Online Nations Cup"]
[White "Koneru, Humpy"]
[Black "Muzychuk, Anna"]
[Site "Online"]
[Round "8"]
[Annotator "ChessBase"]
[Result "1/2-1/2"]
[Date "2020.05.08"]
[WhiteElo "2483"]
[BlackElo "2533"]
[PlyCount "137"]
[TimeControl "1500+10"]

1. d4 {[%emt 0:0:2]} d5 {[%emt 0:0:4]} 2. c4 {[%emt 0:0:3]} c6 {[%emt 0:0:0]} 3. Nf3 {[%emt 0:0:2]} Nf6 {[%emt 0:0:2]} 4. e3 {[%emt 0:0:1]} Bg4 {[%emt 0:0:3]} 5. cxd5 {[%emt 0:0:11]} cxd5 {[%emt 0:0:25]} 6. Nc3 {[%emt 0:0:3]
} e6 {[%emt 0:4:38]} 7. Qb3 {[%emt 0:0:35]} Bxf3 {[%emt 0:0:0]} 8. gxf3 {[%emt 0:0:26]} Qd7 {[%emt 0:0:33]} 9. Bb5 {[%emt 0:2:36]} Nc6 {[%emt 0:0:3]} 10. Na4 {[%emt 0:1:23]} Bb4+ {[%emt 0:1:57]} 11. Kf1 {[%emt 0:3:20]
} Bd6 {[%emt 0:2:8]} 12. Bd2 {[%emt 0:0:32]} 0-0 {[%emt 0:0:0]} 13. Rc1 {[%emt 0:3:24]} Rfc8 {[%emt 0:1:1]} 14. Kg2 {[%emt 0:1:55]} Qe7 {[%emt 0:3:0]} 15. Bxc6 {[%emt 0:2:7]} bxc6 {[%emt 0:0:33]} 16. Qd3 {[%emt 0:0:8]
} e5 {[%emt 0:1:42]} 17. dxe5 {[%emt 0:0:22]} Qxe5 {[%emt 0:0:0]} 18. Bc3 {[%emt 0:2:14]} Qg5+ {[%emt 0:0:38]} 19. Kf1 {[%emt 0:0:2]} Qh4 {[%emt 0:0:5]} 20. b3 {[%emt 0:1:59]} Nd7 {[%emt 0:1:55]} 21. Qf5 {[%emt 0:1:9]
} Qe7 {[%emt 0:0:37]} 22. Rg1 {[%emt 0:0:54]} g6 {[%emt 0:0:0]} 23. h4 {[%emt 0:1:41]} Be5 {[%emt 0:0:52]} 24. h5 {[%emt 0:1:24]} Re8 {[%emt 0:1:40]
} 25. Bxe5 {[%emt 0:0:50]} Nxe5 {[%emt 0:0:4]} 26. Rg3 {[%emt 0:0:12]
} Qh4 {[%emt 0:0:38]} 27. Qh3 {[%emt 0:0:37]} Qxh3+ {[%emt 0:0:0]} 28. Rxh3 {[%emt 0:0:1]} Rac8 {[%emt 0:0:4]} 29. Nc5 {[%emt 0:0:3]
} Re7 {[%emt 0:0:37]} 30. hxg6 {[%emt 0:0:44]} hxg6 {[%emt 0:0:3]} 31. Kg2 {[%emt 0:0:14]} Kg7 {[%emt 0:0:12]} 32. f4 {[%emt 0:0:27]} Nd7 {[%emt 0:0:0]} 33. Rhh1 {[%emt 0:0:12]} Kf6 {[%emt 0:0:55]} 34. Kf3 {[%emt 0:0:12]} Nxc5 {[%emt 0:0:31]} 35. Rxc5 {[%emt 0:0:2]} Ke6 {[%emt 0:0:5]} 36. Rhc1 {[%emt 0:0:9]
} Kd6 {[%emt 0:0:2]} 37. b4 {[%emt 0:0:4]} Rb7 {[%emt 0:0:0]} 38. a3 {[%emt 0:0:15]} Rcc7 {[%emt 0:0:8]} 39. f5 {[%emt 0:0:16]} gxf5 {[%emt 0:0:35]} 40. Kf4 {[%emt 0:0:1]} a6 {[%emt 0:0:20]} 41. Kxf5 {[%emt 0:0:30]
} Rb5 {[%emt 0:0:2]} 42. Kf6 {[%emt 0:0:13]} Rb8 {[%emt 0:0:0]} 43. Ra5 {[%emt 0:0:11]} Ra7 {[%emt 0:0:6]} 44. Rac5 {[%emt 0:0:4]} Rc7 {[%emt 0:0:1]} 45. Rh1 {[%emt 0:0:6]} Rg8 {[%emt 0:0:10]} 46. Rh6 {[%emt 0:0:3]
} Rg2 {[%emt 0:0:12]} 47. Kf5+ {[%emt 0:0:2]} Kd7 {[%emt 0:0:0]} 48. Rc2 {[%emt 0:0:2]} Rc8 {[%emt 0:0:26]} 49. Rf6 {[%emt 0:0:29]} Rg7 {[%emt 0:0:8]} 50. Rc5 {[%emt 0:0:18]} Rh7 {[%emt 0:0:11]} 51. Kf4 {[%emt 0:0:7]
} Rh4+ {[%emt 0:0:23]} 52. Kf3 {[%emt 0:0:4]} Rh7 {[%emt 0:0:0]} 53. Ke2 {[%emt 0:0:6]} Rg7 {[%emt 0:0:11]} 54. Ra5 {[%emt 0:0:7]} Ra8 {[%emt 0:0:14]} 55. Rc5 {[%emt 0:0:10]} Rc8 {[%emt 0:0:3]} 56. Kd3 {[%emt 0:0:1]
} Rh7 {[%emt 0:0:4]} 57. Ra5 {[%emt 0:0:11]} Ke7 {[%emt 0:0:0]} 58. Rf4 {[%emt 0:0:10]} Ra8 {[%emt 0:0:2]} 59. a4 {[%emt 0:0:4]} Rh6 {[%emt 0:0:37]} 60. b5 {[%emt 0:0:27]} c5 {[%emt 0:0:13]} 61. bxa6 {[%emt 0:0:0]} Rhxa6 {[%emt 0:0:2]} 62. Rxc5 {[%emt 0:0:4]} Rxa4 {[%emt 0:0:1]} 63. Rc7+ {[%emt 0:0:6]} Kd6 {[%emt 0:0:8]} 64. Rfxf7 {[%emt 0:0:10]} Ra2 {[%emt 0:0:3]
} 65. Rfd7+ {[%emt 0:0:11]} Ke6 {[%emt 0:0:4]} 66. Re7+ {[%emt 0:0:5]
} Kd6 {[%emt 0:0:5]} 67. Red7+ {[%emt 0:0:8]} Ke6 {[%emt 0:0:0]} 68. Re7+ {[%emt 0:0:6]} Kd6 {[%emt 0:0:1]} 69. Red7+ {[%emt 0:0:0]} 1/2-1/2

[Event "FIDE Chesscom Online Nations Cup"]
[White "Krush, Irina"]
[Black "Muzychuk, Mariya"]
[Site "Online"]
[Round "8"]
[Annotator "TA"]
[Result "1/2-1/2"]
[Date "2020.05.08"]
[WhiteElo "2392"]
[BlackElo "2506"]
[PlyCount "65"]

1. d4 {} Nf6 2. c4 g6 3. Nc3 d5 4. cxd5 Nxd5 5. e4 Nxc3 6. bxc3 Bg7 7. Bc4 c5 8. Ne2 Nc6 9. Be3 0-0 10. 0-0 Bg4 11. f3 Bd7 12. Rc1 cxd4 13. cxd4 b5 {D88: Exchange Grünfeld: Classical Line: 10 Be3 cxd4 11 cxd4.} 14. Bxb5 Nxd4 $1 {[#]} 15. Bxd7 $146 ({Predecessor:} 15. Nxd4 Bxd4 16. Bxd4 Bxb5 17. Re1 a6 18. a4 Bd7 19. Bc5 {1/2-1/2 (19) Dedina,M (2354)-Schaub,M 
(2291) ICCF email 2017} )Nxe2+ 16. Qxe2 Qxd7 17. Rfd1 Qb7 18. Rb1 Qc6 19. Rdc1 Qd7 20. Qb5 Rfd8 21. Qxd7 Rxd7 22. Rd1 {The position is equal.} Rxd1+ 23. Rxd1 $11 { Endgame KRB-KRB} a5 24. Rd7 e6 25. Ra7 Rxa7 26. Bxa7 {
KB-KB} Kf8 27. Kf2 Ke7 28. Ke2 Kd6 29. Kd3 Kc6 30. Kc4 Be5 31. h3 h5 32. a4 Bd6 33. Be3 {Accuracy: White = 100%, Black = 100%.} 1/2-1/2